Pottery & porcelain tablewares /

Bibliographic Details
Main Author: Cushion, John Patrick
Format: Book
Language:English
Published: New York : Morrow, [1976]
Subjects:

MARC

Tag First Indicator Second Indicator Subfields
LEADER 00000cam a2200000 i 4500
001 in00000009322
005 20151007051524.0
008 761220s1976 nyua 00010 eng d
010 |a  75045518  
020 |a 0688030556 
035 |a (OCoLC)02636643 
035 |9 AAA3405AM 
040 |a KKC  |c KKC  |d m.c.  |d NRC  |d TXA  |d UtOrBLW 
049 |a TXAM  |c [A12604760] 
050 4 |a NK4695.T33  |b C87 1976b 
100 1 |a Cushion, John Patrick. 
245 1 0 |a Pottery & porcelain tablewares /  |c John P. Cushion. 
264 1 |a New York :  |b Morrow,  |c [1976] 
264 4 |c ©1976 
300 |a 240 pages :  |b illustrations (some color) ;  |c 27 cm. 
336 |a text  |b txt  |2 rdacontent 
337 |a unmediated  |b n  |2 rdamedia 
338 |a volume  |b nc  |2 rdacarrier 
504 |a Bibliography: page 140. 
500 |a Includes index. 
650 0 |a Ceramic tableware. 
999 |a MARS 
999 f f |s f0a5aa6e-0c92-32d4-b95c-c78b0155d0e8  |i 79481058-5836-38db-90a1-6436c443565b  |t 0 
952 f f |p normal  |a Texas A&M University  |b College Station  |c Sterling C. Evans Library  |d Evans: Library Stacks  |t 0  |e NK4695.T33 C87 1976b  |h Library of Congress classification  |i unmediated -- volume  |m A14812604760 
998 f f |a NK4695.T33 C87 1976b  |t 0  |l Evans: Library Stacks